| 000 | 01212nam a2200229Ia 4500 | ||
|---|---|---|---|
| 999 |
_c39628 _d39628 |
||
| 001 | 6228 | ||
| 003 | GE_BSU | ||
| 005 | 20190624150736.0 | ||
| 008 | 181216s1982||||ge |||||||||||||| ||geo|| | ||
| 041 | _ageo | ||
| 080 | _a621.311.22(075.8) ვ-28 | ||
| 100 |
_aვეზირიშვილი, ო. _92511 |
||
| 245 |
_aთბოსადგურების დაგეგმარების ტექნიკურ-ეკონომიკური საფუძვლები : დამხმ. სახელმძღვ. / _cო. ვეზირიშვილი ; რედ : ე. გიორგაძე. |
||
| 264 |
_aთბილისი : _bსპი, _c1982. |
||
| 300 |
_a92 გვ .: _bცხრ.12; ილ.22; _c20 სმ. |
||
| 504 | _aბიბლიოგრ.:გვ.91 | ||
| 653 | _aთბოსადგურების დაგეგმარება | ||
| 653 | _aთბოსადგურების დაგეგმარების ტექნიკურ-ეკონომიკური საფუძვლები | ||
| 653 | _aტექნიკა | ||
| 700 |
_aგიორგაძე, ე _eრედაქტორი _9398 |
||
| 942 |
_cBK _2udc |
||